000 01355nam a2200349 a 4500
001 000003277
003 DO-SdBNP
005 20170925113141.0
007 000003277
008 090707s2008 dr 000 0 spa d
020 _a9789945161939
040 _aBPMSU
_bspa
_cBPMSU
082 4 _a649.1
_bD919c
092 _a
100 1 _aDunker Lambert, José
245 1 0 _aComo criar bien a los hijos...sin destruir el matrimonio :
_buna guía para padres que quieren desempeñar bien su papel /
_cJosé Dunker Lambert, Fior De Jesús de Dunker.
260 _aSanto Domingo :
_bSea,
_c2008.
300 _a84 p. ;
_c22 cm.
500 _aIncluye datos biográficos del autor
505 0 _tLa regla universal de crianza --
_tDiez hábitos para aprender en casa --
_tApoyo y confrontación --
_tLos tres postulados de una familia saludable --
_tEl origen de los traumas familiares --
_tEl trauma y sus consecuencias --
_tPreguntas que se hacen con frecuencia.
650 4 _aCRIANZA DE NIÑOS
650 4 _aPADRES E HIJOS
650 4 _aEDUCACIÓN PARA LA VIDA FAMILIAR
650 4 _aEDUCACIÓN EN EL HOGAR
650 4 _aMANEJO DE NIÑOS
650 4 _aFAMILIA
700 1 _aJesús de Dunker, Fior de
910 _aJornada de catalogación
942 _2ddc
_cBK
945 _aInventariado / 2017 VM
956 _aVMATEO
_b10
_c20150805
_lBPMSU
_h00151
999 _c8080
_d8080